000
00231 a2200097 4500
001
42829
100
_a
Saeed A
245
_a
The eastern times on Quaid-e-Azam
260
_a
Islamabad
_b
National institute
_c
090
_c
26719
_d
26719
942
_a
NUST-CAE
_c
M
_c
18579
999
_c
277902
_d
277902